000 00989cab a2200241 4500
001 WB3502-17
008 090401t1999 xxu||||| |||| 00| 0 eng d
035 _a(Sirsi) u90685
041 _aeng
245 _aPlanning delay logjam review
260 _c1999
350 _a0
490 _aFinancial Times
_v13 January 1999, 6
490 _aDETR News Release
_v(016) 12 January 1999
490 _aPlanning (for the Natural and Built Environment)
_v(1302) 22 January 1999, 1 & 10 (26)
520 _aThe Regions and Planning Minister is holding a series of meetings with local authority representatives as part of a government initiative to improve the efficiency of the planning process. Error found in league table - comments attached. Planning Performance Checklist available from website http://www.detr.gov.uk
650 _aGOOD PRACTICE
650 _aPLANNING PROCESS
650 _aURBAN TASKFORCE
690 _aPLANNING LAW AND PRACTICE
942 _n0
948 _c13/01/1999
999 _c57503
_d57503